00577nam a2200181Ia 450000500170000000800410001704100120005808200170007010000160008724500410010325000080014426000250015250000080017765000400018594200070022595201440023299900190037620240823014404.0240823s9999||||xx |||||||||||||| ||und|| aENGLISH A620.11025 P4 a"Gupta,I C" 2aA Text Book of Engineering Metrology a5th c2004b"Dhanpat Rai," aYES aMetrologybAeronautical Engineering cBK 00104070aNICHELIBbNICHELIBd2005-02-18eHigginbothams Private Ltdg185.00l0o620.11025 P4p24209r2024-08-23 01:44:04w2024-08-23yBK c169937d169937